| 000 | 00552nam a2200241Ia 4500 | ||
|---|---|---|---|
| 008 | 160620s9999||||xx |||||||||||||| ||und|| | ||
| 040 | _cEnglish | ||
| 082 | _aXVA | ||
| 082 | _bBORI-57525 | ||
| 245 | _aKey to Vedic Symbolism | ||
| 260 | _aPondicherry | ||
| 260 | _bDipti Publications | ||
| 300 | _a122 | ||
| 300 | _cA | ||
| 300 | _eHardbound | ||
| 530 | _u00057525.pdf | ||
| 563 | _aRef | ||
| 630 | _aKey to Vedic Symbolism | ||
| 650 | _aDictionaries | ||
| 650 | _aReference | ||
| 730 | _aKey to Vedic Symbolism | ||
| 942 | _cBOOK | ||
| 999 |
_c1390917 _d1390914 |
||